000
00318nam a2200121Ia 4500
008
180117s9999 xx 000 0 und d
100
_a
by Mervy C Pueblo
245
_a
Art in the Public Sphere
260
_c
2016
300
_a
14-16 pages, 2016 February 28
440
_a
Philippine Panorama
650
_a
PUBLIC SPHERE
999
_c
353517
_d
353517